000 00391 a2200157 4500
001 181689
020 _a
040 _cMagnum
100 _aLucena, Ana Lucia Barreto
240 1 0 _aTranca crianca - uma proposta construtivista 2
_lpor
245 1 0 _aTranca crianca - uma proposta construtivista 2
362 0 _a1899
440 1 _aFTD
697 _aMAGNITO: ESTUDOS SOCIAIS
942 _cBK
999 _c181689
_d181689